000 00659nam a2200181 a 4500
008 120416s1981 ||||||||||||||||| || u
020 _a0198173253
050 _aNA 2516 Nor
100 _aNewman, John
245 1 0 _aOf building: Roger North's writings on architecture
_cedited by Howard Colvin
260 _aOxford:
_bClarendon
_c1981
300 _axxix, 160p. : ill.
350 _a0.00
650 _aARCHITECTURE--UNITED STATES--HISTORY
700 _aNorth, Roger
700 _aColvin, Howard
995 _D0.00
_FCBU-MAIN LIBRARY (Kitwe)
_H1
_I21.00
_M1
_UAVAILABLE
_ZMain Library Open Access Collection
999 _c52500
_d52500